Mobilités grecques: mouvements, réseaux, contacts en Méditerranée de l'époque archaïque à l'époque hellénistique
Bewaard in:
| Hoofdauteurs: | , |
|---|---|
| Formaat: | Boek |
| Taal: | Frans |
| Gepubliceerd in: |
París, Francia
Ausonius Éditions
2012
|
| Reeks: | Scripta Antigua,
46 |
| Onderwerpen: | |
| Tags: |
Voeg label toe
Geen labels, Wees de eerste die dit record labelt!
|
MARC
| LEADER | 00000cam a2200000 a 4500 | ||
|---|---|---|---|
| 001 | UCD5283 | ||
| 003 | CL-VaPUC | ||
| 005 | 20220107074145.0 | ||
| 008 | 160819e20120000fr |||||||||||||||||fre|d | ||
| 999 | |c 366004 |d 366002 | ||
| 020 | |a 9782356130747 | ||
| 040 | |c Pontificia Universidad Católica de Valparaíso | ||
| 082 | 0 | 4 | |a 938 CAP 2012 |2 21 |
| 100 | 0 | |a Capdetrey, Laurent |e author |9 589041 | |
| 245 | 1 | 0 | |a Mobilités grecques: |b mouvements, réseaux, contacts en Méditerranée de l'époque archaïque à l'époque hellénistique |
| 260 | |a París, Francia |b Ausonius Éditions |c 2012 | ||
| 300 | |a 280 páginas | ||
| 490 | 0 | |a Scripta Antigua, |v 46 | |
| 583 | |a last modification |c 20180417 03:53:34 |k Rodrigo Vera | ||
| 650 | 0 | |a Helenismo |9 267485 | |
| 650 | 0 | |a Civilizaciones antiguas |9 265998 | |
| 650 | 0 | |a Migración |9 331531 | |
| 650 | 7 | |a HISTORIA DE GRECIA ANTIGUA |2 CL-VaPUC |9 520504 | |
| 700 | 0 | |a Zurbach, Julien |e author |9 589042 | |
| 942 | |c BK |2 ddc | ||
| 945 | |d 20160819 12:52:00 |a arojas | ||
| 952 | |0 0 |1 0 |3 erb |4 0 |6 938_000000000000000_CAP_2012 |7 0 |8 A |9 480006 |a BIBHIS |b BIBHIS |i 5338379 |o 938 CAP 2012 |p 5338379 |r 2025-01-20 |w 2019-11-24 |y BK |z Catalogado en:20160819 |k HIS | ||